Geoenvironmental Engineering and Geotechnics : Progress in Modeling and Applications /

Bibliographic Details
Other Authors: He, Qiang, Shen, Shui-Long
Format: eBook
Published: Reston, VA : American Society of Civil Engineers, 2010.
Series:Geotechnical Special Publications.
Subjects:
Online Access:Connect to the full text of this electronic book

MARC

Tag First Indicator Second Indicator Subfields
LEADER 00000cam a22000005u 4500
001 in00002786962
005 20190331170705.0
006 m o d
007 cr nn 008mam|a
008 100521t2010 gw fo || 0 0 |||||
020 |a 9780784411056 
035 |a (American Society of Civil Eng)10.1061/9780784411056 
040 |d UtOrBLW 
245 0 0 |a Geoenvironmental Engineering and Geotechnics :  |b Progress in Modeling and Applications /  |c Edited by Qiang He, Shui-Long Shen. 
264 1 |a Reston, VA :  |b American Society of Civil Engineers,  |c 2010. 
300 |a 1 online resource. 
336 |a text  |b txt  |2 rdacontent 
337 |a computer  |b c  |2 rdamedia 
338 |a online resource  |b cr  |2 rdacarrier 
490 1 |a Geotechnical Special Publications 
500 |a Electronic resource. 
653 |a Proceedings  |a Geo-Institute (G-I)  |a Geotechnics  |a Soil and rock mechanics  |a Environmental engineering  |a Available in Print 
655 7 |a Electronic books.  |2 local 
700 1 |a He, Qiang. 
700 1 |a Shen, Shui-Long. 
730 0 |a ASCE Library. 
830 0 |a Geotechnical Special Publications. 
856 4 0 |u http://proxy.library.tamu.edu/login?url=http://ascelibrary.org/action/showBook?doi=10.1061%2F9780784411056  |z Connect to the full text of this electronic book  |t 0 
999 |a MARS 
999 f f |s fd62a310-3a3b-313c-b548-6b7da8b6a092  |i ea785faa-8198-3193-aa2a-33cdf32931be  |t 0 
952 f f |a Texas A&M University  |b College Station  |c Electronic Resources  |d Available Online  |t 0  |h No information provided 
998 f f |t 0  |l Available Online